00701nam a2200181Ia 4500008004100000020001800041050001900059100003000078245007000108260003100178300001800209500005300227650006000280650004200340942001200382952010800394999001700502120626s9999 xx 000 0 und d a84-415-1120-904aT385 P639 20011 aPAZ GONZÁLEZ, Francisco10aManual imprescindible de CorelDRAW 10 cFrancisco Paz González aMéxicobAnaya Multimedia a416 páginas aContiene: Introducción e Índice alfabético17aCOREL DRAW (PROGRAMA PARA COMPUTADORAS) - MANUALES, ETC17aGRÁFICAS POR COMPUTADORA - MANUALES 2ddccLB 00104070a07b07d2010-08-11l1oT385 P639 2001p07 000425r2014-01-31s2014-01-21t1w2012-06-26yLB c66141d66141